[Event "USA tt"]
[Site "ICC INT"]
[Date "2010.10.25"]
[Round "10"]
[White "Vicary, Elizabeth"]
[Black "Bournival, Braden"]
[Result "0-1"]
[WhiteElo "2163"]
[BlackElo "2302"]
[PlyCount "62"]
[EventDate "2010.08.23"]
[EventType "team"]
[EventRounds "10"]
[EventCountry "USA"]
[SourceTitle "CBM 138 Extra"]
[Source "ChessBase"]
[SourceDate "2010.10.29"]
[SourceVersion "1"]
[SourceVersionDate "2010.10.29"]
[SourceQuality "1"]

1. e4 c5 2. Nf3 Nc6 3. Bb5 d6 4. 0-0 Bd7 5. Re1 Nf6 6. c3 a6 7. Bxc6 Bxc6 8. d4 Bxe4 9. Bg5 Bd5 10. Nbd2 e6 11. c4 Bxf3 12. Qxf3 cxd4 13. Bxf6 gxf6 14. Qxb7 Be7 15. Qc6+ Kf8 16. Qe4 f5 17. Qxd4 Bf6 18. Qf4 Rg8 19. Rad1 Rg4 20. Qf3 Bxb2 21. h3 Rg6 22. Nb3 Rc8 23. Qb7 Rxc4 24. Qxa6 Qg5 25. Qa8+ Kg7 26. Kh1 d5 27. Rg1 Rg4 28. g3 Qh5 29. Kg2 Rh4 30. Nd2 Rxh3 31. Nf3 f4 0-1

[Event "USA tt"]
[Site "ICC INT"]
[Date "2010.10.11"]
[Round "8"]
[White "Krush, Irina"]
[Black "Bournival, Braden"]
[Result "1/2-1/2"]
[WhiteElo "2476"]
[BlackElo "2302"]
[PlyCount "64"]
[EventDate "2010.08.23"]
[EventType "team"]
[EventRounds "10"]
[EventCountry "USA"]
[SourceTitle "CBM 138 Extra"]
[Source "ChessBase"]
[SourceDate "2010.10.29"]
[SourceVersion "1"]
[SourceVersionDate "2010.10.29"]
[SourceQuality "1"]

1. d4 d5 2. c4 c6 3. Nf3 Nf6 4. Nc3 dxc4 5. a4 Bf5 6. Ne5 e6 7. f3 Bb4 8. e4 Bxe4 9. Nxf7 Kxf7 10. fxe4 c5 11. d5 exd5 12. exd5 Re8+ 13. Be2 Qe7 14. 0-0 Bxc3 15. Bh5+ Kg8 16. bxc3 Nxh5 17. Qxh5 Nd7 18. Bg5 Qd6 19. Qf7+ Kh8 20. Bf4 Qe7 21. Qxe7 Rxe7 22. Rae1 Rxe1 23. Rxe1 Nf6 24. d6 Kg8 25. Bg5 Rd8 26. Re6 Kf7 27. Bxf6 gxf6 28. Re7+ Kg6 29. Rxb7 Rxd6 30. Rxa7 Rd3 31. Rc7 Rxc3 32. Rxc5 Rc2 1/2-1/2

[Event "Las Vegas National op"]
[Site "Las Vegas"]
[Date "2009.06.05"]
[Round "2"]
[White "Bournival, Braden"]
[Black "Lenderman, Aleksandr"]
[Result "1/2-1/2"]
[WhiteElo "2294"]
[BlackElo "2434"]
[PlyCount "32"]
[EventDate "2009.06.05"]
[EventType "swiss"]
[EventRounds "6"]
[EventCountry "USA"]
[SourceTitle "CBM 130 Extra"]
[Source "ChessBase"]
[SourceDate "2009.07.02"]
[SourceVersion "2"]
[SourceVersionDate "2009.07.15"]
[SourceQuality "1"]

1. e4 c6 2. d4 d5 3. exd5 cxd5 4. c4 Nf6 5. Nc3 e6 6. Nf3 Nc6 7. c5 Ne4 8. Bb5 Nxc3 9. bxc3 Bd7 10. 0-0 Qc7 11. Bg5 Ne5 12. a4 Ng6 13. Qb3 h6 14. Be3 Be7 15. Bd3 f5 16. Rfe1 0-0-0 1/2-1/2

[Event "New England Masters"]
[Site "Pawtucket"]
[Date "2008.08.16"]
[Round "8"]
[White "Jiang, Louie"]
[Black "Bournival, Braden"]
[Result "1/2-1/2"]
[WhiteElo "2135"]
[BlackElo "2303"]
[PlyCount "36"]
[EventDate "2008.08.11"]
[EventType "swiss"]
[EventRounds "9"]
[EventCountry "USA"]
[SourceTitle "CBM 125 Extra"]
[Source "ChessBase"]
[SourceDate "2008.09.01"]
[SourceVersion "1"]
[SourceVersionDate "2008.09.01"]
[SourceQuality "1"]

1. e4 c6 2. d4 d5 3. Nc3 dxe4 4. Nxe4 Bf5 5. Ng3 Bg6 6. h4 h6 7. Nf3 Nd7 8. h5 Bh7 9. Bd3 Bxd3 10. Qxd3 e6 11. Bf4 Qa5+ 12. Bd2 Bb4 13. c3 Be7 14. c4 Qc7 15. 0-0-0 Ngf6 16. Ne4 Rd8 17. Nxf6+ Nxf6 18. Qe2 c5 1/2-1/2

[Event "New England Masters"]
[Site "Pawtucket"]
[Date "2008.08.14"]
[Round "6"]
[White "Kazmaier, Daniel"]
[Black "Bournival, Braden"]
[Result "0-1"]
[WhiteElo "2134"]
[BlackElo "2303"]
[PlyCount "70"]
[EventDate "2008.08.11"]
[EventType "swiss"]
[EventRounds "9"]
[EventCountry "USA"]
[SourceTitle "CBM 125 Extra"]
[Source "ChessBase"]
[SourceDate "2008.09.01"]
[SourceVersion "1"]
[SourceVersionDate "2008.09.01"]
[SourceQuality "1"]

1. e4 c6 2. d4 d5 3. Nc3 dxe4 4. Nxe4 Bf5 5. Ng3 Bg6 6. h4 h6 7. Nf3 Nd7 8. h5 Bh7 9. Bd3 Bxd3 10. Qxd3 e6 11. Bf4 Qa5+ 12. Bd2 Bb4 13. c3 Be7 14. 0-0 Ngf6 15. Rfe1 0-0 16. b4 Qc7 17. Nf5 exf5 18. Rxe7 Qd8 19. Re2 Ne4 20. Bc1 Re8 21. Bf4 Ndf6 22. Be5 Nxh5 23. g4 Rxe5 24. gxh5 Re6 25. Kg2 a5 26. Rb1 axb4 27. Rxb4 b5 28. c4 Qd6 29. Rb3 Qf4 30. cxb5 Qg4+ 31. Kh1 Qxh5+ 32. Nh2 Ng3+ 33. Qxg3 Qxe2 34. b6 Qd1+ 35. Nf1 Qxf1+ 0-1

[Event "New England Masters"]
[Site "Peabody"]
[Date "2007.08.15"]
[Round "4"]
[White "Bournival, Braden"]
[Black "Ippolito, Dean"]
[Result "0-1"]
[WhiteElo "2291"]
[BlackElo "2395"]
[PlyCount "78"]
[EventDate "2007.08.13"]
[EventType "swiss"]
[EventRounds "9"]
[EventCountry "USA"]
[SourceTitle "CBM 119 Extra"]
[Source "ChessBase"]
[SourceDate "2007.09.04"]
[SourceVersion "1"]
[SourceVersionDate "2007.09.04"]
[SourceQuality "1"]

1. e4 e5 2. Nf3 Nf6 3. Nxe5 d6 4. Nf3 Nxe4 5. d4 d5 6. Bd3 Bd6 7. 0-0 0-0 8. c4 c6 9. cxd5 cxd5 10. Nc3 Nxc3 11. bxc3 Bg4 12. Rb1 Nd7 13. h3 Bh5 14. Rxb7 Nb6 15. Qc2 Bxf3 16. Bxh7+ Kh8 17. gxf3 Qh4 18. Bf5 g6 19. Bg4 f5 20. f4 Rae8 21. Bf3 g5 22. Bg2 gxf4 23. Qd3 Rg8 24. Kh1 Rxg2 25. Kxg2 Qh5 26. Rh1 f3+ 27. Kf1 Re2 28. Rxa7 Qe8 29. Rh7+ Kxh7 30. Qxf5+ Qg6 31. Qxf3 Rc2 32. Bf4 Qf5 33. Rg1 Rc1+ 34. Kg2 Rxg1+ 35. Kxg1 Qxf4 36. Qd3+ Kg7 37. Qb5 Qh2+ 38. Kf1 Qxh3+ 39. Ke1 Qxc3+ 0-1

[Event "New England Masters"]
[Site "Peabody"]
[Date "2007.08.13"]
[Round "1"]
[White "Davies, Nigel Rodney"]
[Black "Bournival, Braden"]
[Result "1-0"]
[WhiteElo "2495"]
[BlackElo "2291"]
[PlyCount "79"]
[EventDate "2007.08.13"]
[EventType "swiss"]
[EventRounds "9"]
[EventCountry "USA"]
[SourceTitle "CBM 119 Extra"]
[Source "ChessBase"]
[SourceDate "2007.09.04"]
[SourceVersion "1"]
[SourceVersionDate "2007.09.04"]
[SourceQuality "1"]

1. e4 c6 2. d4 d5 3. f3 e6 4. Nc3 Bb4 5. a3 Bxc3+ 6. bxc3 dxe4 7. Qe2 exf3 8. Nxf3 Nf6 9. Qe3 Nd5 10. Qe5 Qf6 11. Qd6 e5 12. Qxf6 Nxf6 13. Nxe5 Nbd7 14. Nc4 0-0 15. Nd6 Ne4 16. Nxe4 Re8 17. Kf2 Rxe4 18. Bd3 Re8 19. Bf4 Nf6 20. Rhe1 Be6 21. c4 Rad8 22. c3 c5 23. d5 Bc8 24. a4 b6 25. h3 Ba6 26. Bg5 Rxe1 27. Rxe1 Re8 28. Rxe8+ Nxe8 29. Be7 Bc8 30. a5 Nf6 31. axb6 axb6 32. Bd8 Ba6 33. Bxf6 gxf6 34. Kg3 Kf8 35. Kg4 Ke7 36. h4 Kf8 37. Kh5 Kg7 38. g4 f5 39. d6 Kf8 40. gxf5 1-0

[Event "US Open-108"]
[Site "Cherry Hill"]
[Date "2007.07.31"]
[Round "3"]
[White "Toolin, Christopher"]
[Black "Bournival, Braden"]
[Result "1/2-1/2"]
[WhiteElo "2201"]
[BlackElo "2291"]
[PlyCount "102"]
[EventDate "2007.07.28"]
[EventType "swiss"]
[EventRounds "9"]
[EventCountry "USA"]
[SourceTitle "CBM 119 Extra"]
[Source "ChessBase"]
[SourceDate "2007.09.04"]
[SourceVersion "1"]
[SourceVersionDate "2007.09.04"]
[SourceQuality "1"]

1. e4 c6 2. d4 d5 3. e5 c5 4. dxc5 e6 5. Be3 Nh6 6. Bxh6 gxh6 7. Qd4 Nc6 8. Bb5 Qa5+ 9. Nc3 Qxb5 10. Nxb5 Nxd4 11. Nxd4 Bxc5 12. Nge2 f6 13. Nf3 0-0 14. 0-0 b6 15. Ng3 fxe5 16. Nxe5 Ba6 17. Nd7 Bxf1 18. Nxf8 Rxf8 19. Rxf1 e5 20. Ne2 Kf7 21. g3 Ke6 22. Kg2 b5 23. f3 b4 24. h4 Be3 25. f4 e4 26. g4 Rc8 27. f5+ Ke5 28. c3 bxc3 29. bxc3 Bd2 30. f6 Be3 31. Nd4 Bxd4 32. Rf5+ Ke6 33. cxd4 Rf8 34. Re5+ Kxf6 35. Rxd5 Re8 36. Kf2 e3+ 37. Ke2 Re4 38. Rd6+ Kg7 39. Rd7+ Kg6 40. d5 Rxg4 41. Kxe3 Kf6 42. Rxh7 Ke5 43. Rxh6 Kxd5 44. Kf3 Ra4 45. h5 Rxa2 46. Kf4 Kc4 47. Re6 Rh2 48. Kg5 a5 49. h6 a4 50. Re4+ Kb3 51. Rh4 Rg2+ 1/2-1/2

[Event "Foxwoods op 09th"]
[Site "Connecticut"]
[Date "2007.04.08"]
[Round "8"]
[White "Boskovic, Drasko"]
[Black "Bournival, Braden"]
[Result "1/2-1/2"]
[WhiteElo "2454"]
[BlackElo "2241"]
[PlyCount "60"]
[EventDate "2007.04.04"]
[EventType "swiss"]
[EventRounds "9"]
[EventCountry "USA"]
[SourceTitle "CBM 117 Extra"]
[Source "ChessBase"]
[SourceDate "2007.05.09"]
[SourceVersion "1"]
[SourceVersionDate "2007.05.09"]
[SourceQuality "1"]

1. e4 c6 2. d4 d5 3. Nd2 dxe4 4. Nxe4 Bf5 5. Ng3 Bg6 6. h4 h6 7. Nf3 Nd7 8. h5 Bh7 9. Bd3 Bxd3 10. Qxd3 e6 11. Bd2 Ngf6 12. 0-0-0 Qc7 13. Ne4 0-0-0 14. g3 Nxe4 15. Qxe4 Bd6 16. c4 c5 17. d5 Nf6 18. Qc2 exd5 19. cxd5 Rhe8 20. Bc3 Qd7 21. Bxf6 gxf6 22. Rhe1 Rxe1 23. Rxe1 Qg4 24. Nh4 Qg5+ 25. Kb1 Qxd5 26. Nf5 Bf8 27. Qe4 Qxe4+ 28. Rxe4 Rd5 29. Re8+ Rd8 30. Re4 Rd5 1/2-1/2

[Event "Foxwoods op 09th"]
[Site "Connecticut"]
[Date "2007.04.08"]
[Round "9"]
[White "Bournival, Braden"]
[Black "Sharavdorj, Dashzeveg"]
[Result "0-1"]
[WhiteElo "2241"]
[BlackElo "2450"]
[PlyCount "68"]
[EventDate "2007.04.04"]
[EventType "swiss"]
[EventRounds "9"]
[EventCountry "USA"]
[SourceTitle "CBM 117 Extra"]
[Source "ChessBase"]
[SourceDate "2007.05.09"]
[SourceVersion "1"]
[SourceVersionDate "2007.05.09"]
[SourceQuality "1"]

1. e4 e6 2. d4 d5 3. Nd2 c5 4. exd5 exd5 5. Ngf3 a6 6. Qe2+ Be6 7. g3 Nc6 8. dxc5 Bxc5 9. Bg2 Nf6 10. Nb3 Be7 11. Nbd4 Bg4 12. Nxc6 bxc6 13. h3 Bh5 14. g4 Bg6 15. Ne5 Qc7 16. Bf4 Qb7 17. Nxg6 hxg6 18. Bd6 0-0 19. Bxe7 Rfe8 20. 0-0-0 Rxe7 21. Qd2 Rb8 22. b3 a5 23. a4 Qb6 24. Rhe1 Reb7 25. g5 Nd7 26. Re3 Nf8 27. f4 Qc5 28. Kb2 Rb4 29. Ka2 Qb6 30. Qc1 Rxf4 31. Rf1 Rb4 32. h4 Qd4 33. Re7 Rxa4+ 34. bxa4 Qc4+ 0-1

[Event "Eastern Class-ch"]
[Site "Sturbridge"]
[Date "2007.03.10"]
[Round "3"]
[White "Bournival, Braden"]
[Black "Ibragimov, Ildar"]
[Result "1/2-1/2"]
[WhiteElo "2241"]
[BlackElo "2602"]
[PlyCount "43"]
[EventDate "2007.03.09"]
[EventType "swiss"]
[EventRounds "5"]
[EventCountry "USA"]
[SourceTitle "CBM 117 Extra"]
[Source "ChessBase"]
[SourceDate "2007.05.09"]
[SourceVersion "1"]
[SourceVersionDate "2007.05.09"]
[SourceQuality "1"]

1. e4 e6 2. d4 d5 3. Nd2 a6 4. Ngf3 c5 5. exd5 exd5 6. dxc5 Bxc5 7. Bd3 Nf6 8. 0-0 0-0 9. h3 Nc6 10. Nb3 Bb6 11. Re1 Ne4 12. Be3 Bf5 13. Nbd4 Bg6 14. Nxc6 bxc6 15. Ne5 Bxe3 16. Rxe3 Re8 17. Nxg6 hxg6 18. Bxe4 Rxe4 19. Rxe4 dxe4 20. Qe2 Qf6 21. c3 Qe6 22. Re1 1/2-1/2

[Event "Eastern Class-ch"]
[Site "Sturbridge"]
[Date "2007.03.10"]
[Round "2"]
[White "Sarkar, Justin"]
[Black "Bournival, Braden"]
[Result "0-1"]
[WhiteElo "2405"]
[BlackElo "2241"]
[PlyCount "102"]
[EventDate "2007.03.09"]
[EventType "swiss"]
[EventRounds "5"]
[EventCountry "USA"]
[SourceTitle "CBM 117 Extra"]
[Source "ChessBase"]
[SourceDate "2007.05.09"]
[SourceVersion "1"]
[SourceVersionDate "2007.05.09"]
[SourceQuality "1"]

1. d4 d5 2. c4 c6 3. Nf3 Nf6 4. Nc3 dxc4 5. a4 Bf5 6. Ne5 Nbd7 7. Nxc4 Nb6 8. Ne5 a5 9. f3 Nfd7 10. Nxd7 Bxd7 11. e4 e6 12. Be3 Bb4 13. Be2 0-0 14. 0-0 Rc8 15. Na2 Be7 16. Nc1 c5 17. dxc5 Bxc5 18. Bxc5 Rxc5 19. Nb3 Rc8 20. Qd4 Bxa4 21. Rxa4 Nxa4 22. Qxa4 Qb6+ 23. Rf2 Rc2 24. Qb5 Qe3 25. Qd3 Rxe2 26. Qxe2 Qxb3 27. Qc2 Qb6 28. Kf1 Rd8 29. Rd2 Rxd2 30. Qxd2 g6 31. Qc3 Qc6 32. Qxc6 bxc6 33. Ke2 Kf8 34. e5 Ke7 35. Kd3 Kd7 36. Kc4 Kc7 37. Kc5 a4 38. f4 h5 39. g3 Kb7 40. Kd6 Kb6 41. Ke7 c5 42. Kxf7 c4 43. Kxe6 a3 44. bxa3 c3 45. Kf7 c2 46. e6 c1Q 47. e7 Qc4+ 48. Kf8 Qc5 49. Kf7 Qf5+ 50. Kg7 Qe6 51. Kf8 Qf6+ 0-1

[Event "Minneapolis HB Global op"]
[Site "Minneapolis"]
[Date "2005.05.18"]
[Round "1"]
[White "Bournival, Braden"]
[Black "Goldin, Alexander"]
[Result "0-1"]
[WhiteElo "2239"]
[BlackElo "2615"]
[PlyCount "42"]
[EventDate "2005.05.18"]
[EventType "swiss"]
[EventRounds "9"]
[EventCountry "USA"]
[SourceTitle "CBM 107"]
[Source "ChessBase"]
[SourceDate "2005.08.01"]
[SourceVersion "1"]
[SourceVersionDate "2005.08.01"]
[SourceQuality "1"]

1. e4 c5 2. Nc3 Nc6 3. f4 e6 4. Nf3 d5 5. Bb5 Nge7 6. exd5 exd5 7. Qe2 Qd6 8. d4 cxd4 9. Nxd4 a6 10. Nxc6 bxc6 11. Bd3 g6 12. 0-0 Bg7 13. f5 0-0 14. fxg6 Nxg6 15. Bg5 Bd7 16. Rae1 Rae8 17. Qh5 Re5 18. Rxe5 Qxe5 19. Bxg6 fxg6 20. Rxf8+ Bxf8 21. Qh4 Bf5 0-1

[Event "Northeast Winter Getaway op"]
[Site "Lowell"]
[Date "2002.02.09"]
[Round "3"]
[White "Armes, Robert C"]
[Black "Bournival, Braden"]
[Result "1/2-1/2"]
[WhiteElo "2075"]
[BlackElo "2215"]
[PlyCount "49"]
[EventDate "2002.02.??"]
[EventType "swiss"]
[EventRounds "5"]
[EventCountry "USA"]
[SourceTitle "EXT 2005"]
[Source "ChessBase"]
[SourceDate "2004.11.15"]
[SourceVersion "1"]
[SourceVersionDate "2004.11.15"]
[SourceQuality "1"]

1. e4 c6 2. d4 d5 3. exd5 cxd5 4. c4 Nf6 5. Nc3 e6 6. Nf3 Bb4 7. cxd5 exd5 8. Bd3 0-0 9. 0-0 Bxc3 10. bxc3 Bg4 11. Bg5 Nbd7 12. Qb3 Qc7 13. Rfe1 Rfe8 14. Bh4 Rac8 15. Rxe8+ Rxe8 16. Bg3 Qc8 17. c4 Bxf3 18. gxf3 Nh5 19. cxd5 Nxg3 20. hxg3 Nb6 21. a4 Rd8 22. a5 Nxd5 23. Bc4 Qc6 24. Rb1 g6 25. Bxd5 1/2-1/2

[Event "Northeast Fall Getaway op"]
[Site "Chelmsford"]
[Date "2001.11.16"]
[Round "1"]
[White "Bournival, Braden"]
[Black "Stripunsky, Alexander"]
[Result "1/2-1/2"]
[WhiteElo "2194"]
[BlackElo "2514"]
[PlyCount "59"]
[EventDate "2001.11.??"]
[EventType "swiss"]
[EventRounds "5"]
[EventCountry "USA"]
[SourceTitle "EXT 2005"]
[Source "ChessBase"]
[SourceDate "2004.11.15"]
[SourceVersion "1"]
[SourceVersionDate "2004.11.15"]
[SourceQuality "1"]

1. e4 c5 2. Nc3 Nc6 3. f4 e6 4. Nf3 d5 5. Bb5 Nf6 6. e5 Ng8 7. Bxc6+ bxc6 8. d3 Ne7 9. 0-0 Nf5 10. b3 Be7 11. Na4 c4 12. dxc4 Ba6 13. g4 Nh6 14. Nd4 dxc4 15. Nxc6 Qc7 16. Nxe7 Qxe7 17. f5 Rd8 18. Qf3 Bb7 19. Qf4 Qc7 20. Qxc4 Qxc4 21. bxc4 Rd4 22. Bxh6 Rxg4+ 23. Kf2 gxh6 24. Nc5 Bc8 25. fxe6 Rxc4 26. exf7+ Kxf7 27. Ke3+ Ke7 28. Ne4 Rxc2 29. Rf2 Rxf2 30. Nxf2 1/2-1/2

[Event "Maine op"]
[Site "Portland"]
[Date "2001.11.04"]
[Round "4"]
[White "Curdo, John"]
[Black "Bournival, Braden"]
[Result "0-1"]
[WhiteElo "2271"]
[BlackElo "2194"]
[PlyCount "62"]
[EventDate "2001.11.??"]
[EventType "swiss"]
[EventRounds "5"]
[EventCountry "USA"]
[SourceTitle "EXT 2005"]
[Source "ChessBase"]
[SourceDate "2004.11.15"]
[SourceVersion "1"]
[SourceVersionDate "2004.11.15"]
[SourceQuality "1"]

1. f4 d5 2. Nf3 Nf6 3. e3 Bg4 4. Be2 Nbd7 5. d4 e6 6. 0-0 Be7 7. Nbd2 c5 8. c3 0-0 9. h3 Bxf3 10. Nxf3 Ne4 11. Qe1 f5 12. Bd3 Qe8 13. b3 h6 14. c4 Rc8 15. Bb2 cxd4 16. exd4 Bd6 17. Ne5 a6 18. Rc1 Nxe5 19. fxe5 Be7 20. Rc2 Qh5 21. cxd5 Rxc2 22. Bxc2 exd5 23. Qa5 Qe2 24. Qxd5+ Kh7 25. Bxe4 fxe4 26. Rxf8 Bxf8 27. Qxb7 Qxb2 28. Qxe4+ g6 29. h4 h5 30. g4 Qc1+ 31. Kg2 hxg4 0-1

[Event "Monadnock Grand Prix op"]
[Site "Peterborough"]
[Date "2000.10.29"]
[Round "5"]
[White "Bournival, Braden"]
[Black "Terrie, Henry L"]
[Result "1/2-1/2"]
[WhiteElo "2024"]
[BlackElo "2200"]
[PlyCount "53"]
[EventDate "2000.11.??"]
[EventType "swiss"]
[EventRounds "5"]
[EventCountry "USA"]
[SourceTitle "EXT 2005"]
[Source "ChessBase"]
[SourceDate "2004.11.15"]
[SourceVersion "1"]
[SourceVersionDate "2004.11.15"]
[SourceQuality "1"]

1. e4 c5 2. Nc3 e6 3. f4 d5 4. Bb5+ Bd7 5. Bxd7+ Qxd7 6. d3 Nc6 7. Nf3 dxe4 8. Nxe4 Nf6 9. 0-0 Be7 10. Qe2 0-0 11. Be3 b6 12. Rae1 Nd5 13. Ne5 Nxe5 14. fxe5 Nxe3 15. Qxe3 Qd4 16. Qxd4 cxd4 17. Re2 Rad8 18. Nd2 Rd5 19. Nf3 Rc8 20. Kf2 Ra5 21. Ra1 Rb5 22. Rb1 Ba3 23. Nxd4 Rxb2 24. Rxb2 Bxb2 25. Nf3 h6 26. c4 Ba3 27. Ke3 1/2-1/2